| 000 | 01314nam a22004097a 4500 | ||
|---|---|---|---|
| 001 | 0024233 | ||
| 003 | KOHA_MİRAKIL | ||
| 005 | 20260207002434.0 | ||
| 007 | ta | ||
| 008 | 101112b2009 tu |||gr||||#||||0|tur | | ||
| 020 |
_a9789755918228 _c14,39 |
||
| 040 |
_aTR-BiSEU _btur _cTR-BiSEU _erda |
||
| 041 | 0 | _atur | |
| 044 | _ctu | ||
| 050 |
_aHG4015.5 _b.O35 2009 |
||
| 100 | 1 | _a Okka, Osman. | |
| 245 | 1 |
_aFinansal yönetim örnek olayları/ _cOsman Okka ; Osman Okka. |
|
| 264 | 1 |
_aAnkara : _bNobel _c2009 |
|
| 300 | _axiii, 422 sayfa: tablo; 22 cm. | ||
| 336 |
_ametin _btxt _2rdacontent |
||
| 337 |
_aaracısız _bn _2rdamedia |
||
| 338 |
_acilt _bnc _2rdacarrier |
||
| 490 | 1 |
_aNobel yayın ; _vno. |
|
| 490 | 1 |
_a837.İktisat Yayınlarıdizi ; _vno. |
|
| 490 | 1 | _a108. | |
| 490 | 1 |
_a Finans serisi ; _vA3 |
|
| 500 | _aKaynakça var. | ||
| 650 | 0 |
_aBusiness enterprises--Finance--Case studies. _949602 |
|
| 650 | 0 |
_aCorporations--Finance--Case studies. _949603 |
|
| 650 | 0 |
_aTicari teşebbüsler--Finans--Alan çalışmaları. _949604 |
|
| 650 | 0 |
_aŞirketler--Finans--Alan çalışmaları. _949605 |
|
| 830 | 1 |
_aNobel yayın ; _vno. _91510 |
|
| 830 | 1 |
_a837.İktisat Yayınlarıdizi ; _vno. _949606 |
|
| 830 | 1 |
_a108. _918981 |
|
| 830 | 1 |
_a Finans serisi ; _vA3 _949607 |
|
| 942 |
_2lcc _cBK |
||
| 999 |
_c24186 _d24186 |
||